00682nam a22001697a 450000500170000002000230001703500230004003700130006310000170007624500530009326000510014630000240019794200250022199900170024695201170026395201320038020180721135802.0 c700.00a8176488879 aB-158679, B-158678 aDPLbENG aMishra, R.C. aHealth and nutrition education /cby R.C. Mishra aNew DelhibA.P.H. Publishing Corporationc2005 axii, 308p.c20 cms. 2ddccENh322.37mMIS c65776d65776 001040708NFICaZLSbZLSd2012-04-28g0.00l0o322.37 MISpB-158679r2012-04-28 00:00:00v0.00w2012-04-28yEN 001040708NFICaBL1bBL1d2018-07-21eBPPD/PUBg700.00l0o322.37 MISp B-158678r2018-07-21 00:00:00v700.00w2018-07-21yEN